| 000 | 00629nac a22001811u 4500 | ||
|---|---|---|---|
| 010 | _a012092147 | ||
| 082 |
_a620 _bP9421 |
||
| 090 |
_c3404 _d3404 |
||
| 100 | _aProckter, C.E.(editor) | ||
| 245 |
_aKempe’s engineers year-book For 1960 / _cEdited by C.E.Prockter, M, I.E.E, M.i.Mech .E. |
||
| 250 | _a65ed. | ||
| 260 |
_aLondon: _bMorgan Brothers , C.1960. _cC.1960. |
||
| 300 |
_aV2.: _bill; _c15cm. |
||
| 500 | _aDonations . | ||
| 500 | _aDonations - bibliotheca Alexandrina. | ||
| 942 |
_cNB _k620P9421 |
||
| 999 |
_c3404 _d3404 |
||